Kogo boimy się najbardziej? - Statystyki

Ogólne statystyki
  • Ten quiz został rozwiązany 13 razy
    6 od ostatniego zresetowania
  • Średni wynik to 3 z 6
Statystyki odpowiedzi
Odpowiedź % Poprawnych
Rodziców
100%
Bandytów
50%
Teściowej
50%
Złodzieji
50%
Żony
50%
Szefa
0%
Nie znaleziono quizów pasujących do podanych kryteriów
Rozkład punktacji
Procent ludzi z każdym wynikiem
Percentyl według liczby udzielonych odpowiedzi
Twoja historia wyników
Nie rozwiązałeś tego quizu od ostatniego zresetowania